00325nam a2200109Ia 4500008004100000082000800041100001500049245003200064942000600096952009800102999001500200240331s9999 xx 000 0 und d bGLO aGloppen, S 0aHuman rghts and development cL 001040708LaWERCLbWERCLcSSCd2024-03-31l0o 323.4 GLOp3179r2024-03-31w2024-03-31yL c2487d2487